Т. 143, вып. 6; Журнал экспериментальной и теоретической физики

Bibliographic Details
Parent link:Журнал экспериментальной и теоретической физики=ЖЭТФ/ Российская академия наук (РАН) ; Отделение физических наук РАН. Т. 143, вып. 6.— , 1931-
Language:Russian
Published: 2013
Format: Book
KOHA link:https://koha.lib.tpu.ru/cgi-bin/koha/opac-detail.pl?biblionumber=516480

MARC

LEADER 00000nam2a2200000 4500
001 516480
005 20231101105500.0
035 |a (RuTPU)RU\TPU\prd\194282 
090 |a 516480 
100 |a 20130826a18739999k y0rusy50 ca 
101 0 |a rus 
102 |a RU 
200 0 |a Т. 143, вып. 6 
210 |d 2013 
461 1 |0 (RuTPU)RU\TPU\prd\1443  |t Журнал экспериментальной и теоретической физики  |l ЖЭТФ  |f Российская академия наук (РАН) ; Отделение физических наук РАН  |v Т. 143, вып. 6  |d 1931- 
801 0 |a RU  |b 63413507  |c 20010227  |g PSBO 
801 1 |a RU  |b 63413507  |c 20130826 
801 2 |a RU  |b 63413507  |c 20230410  |g RCR 
942 |c BK 
999 |a НТБ_ТПУ  |b НФ  |e -1/20130109  |p П-770а  |s 5/20121010  |u 0,00  |v 1